Juicio crítico del Congreso Médico-Farmaceútico de 1891 / (Record no. 68417)
[ view plain ]
| 000 -LEADER | |
|---|---|
| campo de control de longitud fija | 00689nam a22001935i 4500 |
| 001 - NÚMERO DE CONTROL | |
| campo de control | 68417 |
| 003 - IDENTIFICADOR DE NÚMERO DE CONTROL | |
| campo de control | ES-MaACL |
| 005 - FECHA Y HORA DE LA ÚLTIMA TRANSACCIÓN | |
| campo de control | 20230906170259.0 |
| 007 - CAMPO FIJO DE DESCRIPCIÓN FÍSICA--INFORMACIÓN GENERAL | |
| campo de control de longitud fija | t| |
| 008 - DATOS DE LONGITUD FIJA--INFORMACIÓN GENERAL | |
| campo de control de longitud fija | 960801s1892 sp ||||1| spa d |
| 040 ## - FUENTE DE CATALOGACIÓN | |
| Centro catalogador/agencia de origen | CAM |
| Lengua de catalogación | spa |
| Centro/agencia transcriptor | CAM |
| 100 1# - ENTRADA PRINCIPAL--NOMBRE DE PERSONA | |
| Nombre de persona | García-Plaza, Joaquín. |
| 9 (RLIN) | 55123 |
| 245 10 - MENCIÓN DEL TÍTULO | |
| Título | Juicio crítico del Congreso Médico-Farmaceútico de 1891 / |
| Mención de responsabilidad, etc. | por Joaquín García-Plaza; con la cooperación de los señores García y García, ... [et. al.]. |
| 260 ## - PUBLICACIÓN, DISTRIBUCIÓN, ETC. | |
| Lugar de publicación, distribución, etc. | Madrid : |
| Nombre del editor, distribuidor, etc. | [s.n.], |
| Fecha de publicación, distribución, etc. | 1892 ( |
| Fabricante | R. Velasco impresor) |
| 300 ## - DESCRIPCIÓN FÍSICA | |
| Extensión | 123 p. ; |
| Dimensiones | 24 cm. |
| 611 24 - PUNTO DE ACCESO ADICIONAL DE MATERIA--NOMBRE DE REUNIÓN/CONGRESO | |
| Nombre de congreso/reunión o jurisdicción como elemento de entrada | Congreso Médico-Farmaceútico. |
| Fecha del congreso o de la firma del tratado | 1891) |
| 9 (RLIN) | 499 |
| 700 1# - ENTRADA AGREGADA--NOMBRE PERSONAL | |
| Nombre de persona | García y García. |
| 9 (RLIN) | 55430 |
| 852 ## - LOCALIZACIÓN | |
| Ubicación | ES-MaACL |
| Número de control de estantería | Fol-Laf-131 |
| Estatus retirado | Estado de pérdida | Estado de daño | No para préstamo | Colección | Biblioteca de origen | Biblioteca actual | Ubicación en estantería | Fecha de adquisición | Fuente de adquisición | Total de préstamos | Signatura topográfica completa | Código de barras | Visto por última vez | Precio de reemplazo | Tipo de ítem Koha |
|---|---|---|---|---|---|---|---|---|---|---|---|---|---|---|---|
| Colección de folletos | Biblioteca del Ateneo de Madrid | Biblioteca del Ateneo de Madrid | Depósito folletos | 17/01/2008 | Fol-Laf-131 | 1071618 | 23/02/2023 | 23/02/2023 | Folleto |
